000 01399nam a22004337a 4500
003 OSt
005 20230309161910.0
008 221006b |||||||| |||| 00| 0 eng d
040 _cBiblioteca Lado V
082 _a701.1
_bB167a
100 _9783
_aBaker, Elizabeth C.
_eeditora
245 _aArt in America/
260 _bWhitney Communications Corporation Magazine Division
_c2001
_aNew York
300 _c23x28cm
_a168p.
366 _eeng
490 _aSeptiembre
_v2001
505 _tLetters
505 _tFront Page
505 _tReview of Books
505 _tPhotography
505 _tDigital Media
505 _tReport from London
505 _tReport from Brussels
505 _tBiennale Babylon
505 _tThe People's Bard
505 _tJanine Antoni: Mother's Milk
505 _tVisionary in the Basement
505 _tFreestyling
505 _tTehching Hsieh: Art's Willing Captive
505 _tThe Quiet of Jimmy Ernst
505 _tReview of Exhibitions
650 _2Tesauro de Arte & Arquitectura
_aARTE
_9703
650 _2Tesauro de Arte & Arquitectura
_aCRITICA
650 _2Tesauro de Arte & Arquitectura
_aAPRECIACION
650 _2Tesauro de Arte & Arquitectura
_aCOLECCIONISMO
650 _2Tesauro de Arte & Arquitectura
_aARTE - USA
700 _aShanley, Paul
_epublicista
942 _2ddc
_c1
_h701.1
_iB167a
_n0
999 _c3194
_d3194